[Event "Fortaleza op"]
[Site "Fortaleza"]
[Date "1994.??.??"]
[Round "6"]
[White "Sales Filho, Espedito Severiano"]
[Black "Cid, Marino Alejandro"]
[Result "1-0"]
[WhiteElo "2040"]
[BlackElo "2365"]
[PlyCount "87"]
[EventDate "1994.??.??"]
[EventType "swiss"]
[EventRounds "9"]
[EventCountry "BRA"]
[SourceTitle "EXT 2000"]
[Source "ChessBase"]
[SourceDate "1999.11.16"]
[SourceVersion "1"]
[SourceVersionDate "1999.11.16"]
[SourceQuality "1"]

1. Nf3 Nf6 2. d4 g6 3. Bg5 Bg7 4. Nbd2 d5 5. e3 0-0 6. Be2 Nbd7 7. 0-0 Re8 8. c3 e5 9. dxe5 Nxe5 10. Nxe5 Rxe5 11. Nf3 Re8 12. c4 c6 13. Qc2 dxc4 14. Bxc4 Qb6 15. Bf4 Ne4 16. Bd3 Bf5 17. g4 Bxg4 18. Bxe4 f5 19. Qc4+ Kh8 20. Ng5 h6 21. Nf7+ Kh7 22. Bg2 g5 23. h3 gxf4 24. hxg4 fxe3 25. Qd3 e2 26. Rfe1 Qxb2 27. Qxf5+ Kg8 28. Qg6 Qd2 29. g5 hxg5 30. Nxg5 Re7 31. Ne4 Qf4 32. Rxe2 Rae8 33. Rae1 Re5 34. Ng3 R8e6 35. Qd3 Rxe2 36. Rxe2 Rd6 37. Qb3+ Qf7 38. Qxf7+ Kxf7 39. Be4 b5 40. Rc2 Rd1+ 41. Kg2 a5 42. Bxc6 b4 43. Ba4 Be5 44. Rc5 1-0

[Event "Buenos Aires PRO op"]
[Site "Buenos Aires"]
[Date "1993.??.??"]
[Round "2"]
[White "Cid, Marino Alejandro"]
[Black "Giaccio, Alfredo Gustavo"]
[Result "1-0"]
[WhiteElo "2410"]
[BlackElo "2350"]
[PlyCount "59"]
[EventDate "1993.??.??"]
[EventType "swiss"]
[EventRounds "7"]
[EventCountry "ARG"]
[SourceTitle "EXT 1998"]
[Source "ChessBase"]
[SourceDate "1997.11.17"]
[SourceVersion "1"]
[SourceVersionDate "1997.11.17"]
[SourceQuality "1"]

1. e4 e6 2. d4 d5 3. Nc3 Bb4 4. e5 c5 5. a3 Bxc3+ 6. bxc3 Nc6 7. Nf3 Qa5 8. Bd2 Qa4 9. h4 b6 10. h5 Ba6 11. Rh4 Bxf1 12. Kxf1 cxd4 13. cxd4 Nge7 14. h6 gxh6 15. Rxh6 Qc4+ 16. Kg1 Nxd4 17. Ng5 Ne2+ 18. Kh1 Ng6 19. Rb1 Nc3 20. Qf3 Nxb1 21. Qxf7+ Kd8 22. Qb7 Qf1+ 23. Kh2 Nxd2 24. Nf7+ Ke8 25. Nd6+ Kd8 26. Nf7+ Ke8 27. Nd6+ Kd8 28. Qxa8+ Kd7 29. Qb7+ Kd8 30. Qc8+ 1-0

[Event "San Fernando op"]
[Site "San Fernando"]
[Date "1993.??.??"]
[Round "4"]
[White "Cid, Marino Alejandro"]
[Black "Rodi, Luis Ernesto"]
[Result "1-0"]
[WhiteElo "2405"]
[BlackElo "2230"]
[PlyCount "67"]
[EventDate "1993.??.??"]
[EventType "swiss"]
[EventRounds "7"]
[EventCountry "ARG"]
[SourceTitle "EXT 1998"]
[Source "ChessBase"]
[SourceDate "1997.11.17"]
[SourceVersion "1"]
[SourceVersionDate "1997.11.17"]
[SourceQuality "1"]

1. e4 e5 2. Nf3 Nf6 3. d4 exd4 4. e5 Ne4 5. Qxd4 d5 6. exd6 Nxd6 7. Nc3 Nc6 8. Qf4 Nf5 9. Bd3 Bd6 10. Qe4+ Nfe7 11. 0-0 Bf5 12. Qe2 Bxd3 13. Qxd3 0-0 14. Ng5 Ng6 15. h4 Be7 16. Nd5 Bxg5 17. Bxg5 f6 18. Be3 Nge5 19. Qb3 Kh8 20. Rad1 Qc8 21. Bc5 Rg8 22. Qg3 Qf5 23. c3 Rac8 24. b4 Ng6 25. Rd2 b6 26. Be3 Nce5 27. Rfd1 Qh5 28. Bf4 c6 29. Ne3 Rge8 30. Bxe5 Nxe5 31. Qh3 Ra8 32. Nf5 h6 33. f4 Ng4 34. Ng3 1-0

[Event "Biel MTO op"]
[Site "Biel"]
[Date "1993.??.??"]
[Round "8"]
[White "Cid, Marino Alejandro"]
[Black "Tejero Garces, Jorge"]
[Result "1-0"]
[WhiteElo "2410"]
[BlackElo "2300"]
[PlyCount "49"]
[EventDate "1993.07.??"]
[EventType "swiss"]
[EventRounds "11"]
[EventCountry "SUI"]
[SourceTitle "TD"]
[Source "ChessBase"]
[SourceDate "1994.03.01"]
[SourceVersion "1"]
[SourceVersionDate "1994.03.01"]
[SourceQuality "1"]

1. e4 Nf6 2. e5 Nd5 3. d4 d6 4. Nf3 g6 5. Bc4 Nb6 6. Bb3 Bg7 7. exd6 cxd6 8. 0-0 0-0 9. Re1 Nc6 10. c3 d5 11. Bf4 Bg4 12. Nbd2 Rc8 13. h3 Bxf3 14. Nxf3 e6 15. h4 Nc4 16. Bxc4 dxc4 17. h5 b5 18. hxg6 hxg6 19. Ng5 Qf6 20. Qg4 Rfd8 21. Re3 Rd5 22. Qh4 Rf5 23. Qh7+ Kf8 24. Ne4 Qe7 25. Bh6 1-0

[Event "Sao Paulo Latin America Cup"]
[Site "Sao Paulo"]
[Date "1992.08.??"]
[Round "10"]
[White "Cid, Marino Alejandro"]
[Black "Limp, Eduardo Thelio"]
[Result "1-0"]
[WhiteElo "2425"]
[BlackElo "2325"]
[PlyCount "117"]
[EventDate "1992.08.08"]
[EventType "swiss"]
[EventRounds "11"]
[EventCountry "BRA"]
[SourceTitle "EXT 2022"]
[Source "ChessBase"]
[SourceDate "2021.10.06"]
[SourceVersion "1"]
[SourceVersionDate "2021.10.06"]
[SourceQuality "1"]

1. e4 c5 2. Nf3 Nc6 3. d4 cxd4 4. Nxd4 g6 5. Ne2 Nf6 6. Nbc3 d6 7. h3 Bg7 8. g3 0-0 9. Bg2 Bd7 10. 0-0 Rc8 11. Re1 Re8 12. Kh2 Ne5 13. a4 a6 14. Ra2 Qa5 15. Nd5 Nxd5 16. exd5 Qc5 17. f4 Nc4 18. Ng1 Qb6 19. b3 Na5 20. Be3 Qb4 21. Ne2 e6 22. Qd2 Qxd2 23. Bxd2 b6 24. Bb4 exd5 25. Bxd5 Bf5 26. c3 Be6 27. Bxe6 Rxe6 28. Rd1 Nxb3 29. f5 Re3 30. Bxd6 Rd8 31. Bf4 Rxd1 32. Bxe3 h6 33. fxg6 fxg6 34. Kg2 Rd6 35. Rb2 Nc5 36. a5 Na4 37. Ra2 b5 38. c4 Re6 39. Bf2 Bf8 40. cxb5 axb5 41. Nd4 Rf6 42. Nxb5 Bc5 43. Bxc5 Nxc5 44. Nc7 Rc6 45. a6 Rxc7 46. a7 Rxa7 47. Rxa7 Ne4 48. Kf3 Ng5+ 49. Kf4 Nf7 50. Ke4 Kg7 51. Kd5 Kf6 52. h4 h5 53. Ke4 Nd6+ 54. Kf4 Nf7 55. Ra6+ Kg7 56. Ke4 Nh6 57. Ke5 Nf5 58. Ra3 Kh6 59. Rf3 1-0

[Event "Sao Paulo Latin America Cup"]
[Site "Sao Paulo"]
[Date "1992.08.??"]
[Round "6"]
[White "Cid, Marino Alejandro"]
[Black "Zapata, Alonso"]
[Result "0-1"]
[WhiteElo "2425"]
[BlackElo "2515"]
[PlyCount "68"]
[EventDate "1992.08.08"]
[EventType "swiss"]
[EventRounds "11"]
[EventCountry "BRA"]
[SourceTitle "EXT 2022"]
[Source "ChessBase"]
[SourceDate "2021.10.06"]
[SourceVersion "1"]
[SourceVersionDate "2021.10.06"]
[SourceQuality "1"]

1. e4 c5 2. Nf3 e6 3. d4 cxd4 4. Nxd4 Nc6 5. Nb5 d6 6. c4 Nf6 7. N1c3 a6 8. Na3 b6 9. Be2 Bb7 10. f4 Be7 11. Be3 0-0 12. Bf3 Rc8 13. Rc1 Na5 14. Na4 b5 15. Bb6 Qd7 16. Bxa5 bxa4 17. Qd3 e5 18. 0-0 Qc6 19. Bc3 Nxe4 20. Bxe4 Qxe4 21. Qxe4 Bxe4 22. fxe5 dxe5 23. Bxe5 Rfe8 24. Bc3 Bc5+ 25. Kh1 Rc6 26. Nc2 Rg6 27. Ne1 Bc6 28. Rc2 Re3 29. Rd2 h5 30. Nc2 Re4 31. Rf5 Rxc4 32. Rxh5 Rf4 33. h4 f5 34. Nd4 Rf1+ 0-1

[Event "Buenos Aires Najdorf qual"]
[Site "Buenos Aires"]
[Date "1992.??.??"]
[Round "6"]
[White "Bronstein, Luis Marcos"]
[Black "Cid, Marino Alejandro"]
[Result "1/2-1/2"]
[WhiteElo "2365"]
[BlackElo "2425"]
[PlyCount "38"]
[EventDate "1992.??.??"]
[EventType "swiss"]
[EventRounds "11"]
[EventCountry "ARG"]
[SourceTitle "EXT 1997"]
[Source "ChessBase"]
[SourceDate "1996.11.15"]
[SourceVersion "1"]
[SourceVersionDate "1996.11.15"]
[SourceQuality "1"]

1. e4 e5 2. Nf3 Nc6 3. Bb5 a6 4. Ba4 d6 5. c3 Bd7 6. d4 Nge7 7. dxe5 dxe5 8. Ng5 h6 9. Qh5 g6 10. Bb3 Be6 11. Nxe6 gxh5 12. Nxd8 Rxd8 13. h4 Ng8 14. Be3 Nf6 15. f3 Na5 16. Nd2 Nxb3 17. axb3 Nd7 18. Nc4 Rg8 19. 0-0 Be7 1/2-1/2

[Event "ARG-ch"]
[Site "La Plata"]
[Date "1992.??.??"]
[Round "?"]
[White "Cid, Marino Alejandro"]
[Black "Giardelli, Sergio Carlos"]
[Result "1-0"]
[WhiteElo "2425"]
[BlackElo "2430"]
[PlyCount "87"]
[EventDate "1992.??.??"]
[EventType "tourn"]
[EventRounds "11"]
[EventCountry "ARG"]
[EventCategory "7"]
[SourceTitle "EXT 1997"]
[Source "ChessBase"]
[SourceDate "1996.11.15"]
[SourceVersion "1"]
[SourceVersionDate "1996.11.15"]
[SourceQuality "1"]

1. e4 c5 2. Nf3 e6 3. d4 cxd4 4. Nxd4 a6 5. Bd3 g6 6. c4 Bg7 7. Nb3 Qc7 8. Nc3 Nf6 9. 0-0 0-0 10. Bg5 Nc6 11. Rc1 Ne5 12. Be2 d6 13. Qd2 Ne8 14. f4 Nc6 15. f5 f6 16. Be3 Qf7 17. c5 exf5 18. cxd6 Kh8 19. Rfd1 Ne5 20. Nc5 Bd7 21. Nxb7 fxe4 22. Nxe4 Qxa2 23. Nbc5 Rd8 24. Nxa6 Qf7 25. Bb6 Ra8 26. Nac5 f5 27. Ng5 Qf6 28. Nf3 Bc6 29. Nxe5 Qxe5 30. d7 Nf6 31. d8Q Raxd8 32. Bxd8 Nd5 33. Bh4 Ne3 34. Nd3 Qe4 35. Bf3 Qxh4 36. Bxc6 Nxd1 37. Rxd1 Rd8 38. Qe2 Qd4+ 39. Kh1 h5 40. Bf3 g5 41. Nf2 Qb6 42. Rxd8+ Qxd8 43. Bxh5 Bxb2 44. Qxb2+ 1-0

[Event "Buenos Aires Najdorf qual"]
[Site "Buenos Aires"]
[Date "1992.??.??"]
[Round "9"]
[White "Cid, Marino Alejandro"]
[Black "Rodriguez, Jorge Luis"]
[Result "0-1"]
[WhiteElo "2425"]
[BlackElo "2300"]
[PlyCount "64"]
[EventDate "1992.??.??"]
[EventType "swiss"]
[EventRounds "11"]
[EventCountry "ARG"]
[SourceTitle "EXT 1997"]
[Source "ChessBase"]
[SourceDate "1996.11.15"]
[SourceVersion "1"]
[SourceVersionDate "1996.11.15"]
[SourceQuality "1"]

1. e4 e6 2. d4 d5 3. Nc3 Bb4 4. e5 c5 5. a3 Bxc3+ 6. bxc3 Qc7 7. Qg4 f6 8. Qg3 Nc6 9. Nf3 c4 10. Be2 Qf7 11. h4 h5 12. exf6 gxf6 13. Ng1 Nge7 14. Qf3 Nf5 15. g3 Bd7 16. Nh3 0-0-0 17. Nf4 Nfxd4 18. cxd4 Nxd4 19. Qc3 e5 20. 0-0 Bc6 21. Bd1 Nf5 22. Kh2 Rdg8 23. Qa5 d4 24. c3 Nxh4 25. cxd4 exf4 26. Bxf4 Ng6 27. d5 Nxf4 28. dxc6 Qe6 29. cxb7+ Kb8 30. gxf4 Qe4 31. Rg1 Qxf4+ 32. Kh3 Rxg1 0-1

[Event "ARG-ch sf1"]
[Site "La Plata"]
[Date "1992.??.??"]
[Round "?"]
[White "Cid, Marino Alejandro"]
[Black "Rosito, Jorge"]
[Result "1-0"]
[WhiteElo "2425"]
[BlackElo "2345"]
[PlyCount "135"]
[EventDate "1992.??.??"]
[EventType "tourn"]
[EventRounds "7"]
[EventCountry "ARG"]
[SourceTitle "EXT 2000"]
[Source "ChessBase"]
[SourceDate "1999.11.16"]
[SourceVersion "1"]
[SourceVersionDate "1999.11.16"]
[SourceQuality "1"]

1. e4 e5 2. Nf3 Nc6 3. Nc3 Nf6 4. d4 exd4 5. Nxd4 Bb4 6. Nxc6 bxc6 7. Bd3 d5 8. exd5 cxd5 9. 0-0 0-0 10. Bg5 c6 11. Na4 h6 12. Bh4 Be7 13. Re1 Re8 14. c3 Bg4 15. f3 Be6 16. Bc2 Nd7 17. Bf2 Bd6 18. Qd3 g6 19. Qd2 Qg5 20. Qxg5 hxg5 21. Re2 Bf5 22. Rxe8+ Rxe8 23. Bxf5 gxf5 24. Rd1 Re2 25. c4 Nf6 26. Bxa7 g4 27. Bd4 Nh5 28. fxg4 fxg4 29. g3 dxc4 30. Bc3 Be7 31. Rd4 Nf6 32. Rxc4 Nd5 33. Rxg4+ Kf8 34. Bg7+ Ke8 35. Rc4 Bg5 36. Rxc6 Ne3 37. h4 Be7 38. Rc8+ Kd7 39. Rc3 Ng4 40. Rd3+ Ke6 41. Bd4 f5 42. Kf1 Rc2 43. Nb6 Bd6 44. a4 Bb4 45. b3 Rc1+ 46. Kg2 Rc2+ 47. Kf1 Rc1+ 48. Kg2 Rc2+ 49. Kf3 Bd6 50. Rd1 Nh2+ 51. Ke3 Bxg3 52. Kd3 Ra2 53. h5 Nf3 54. Bc3 f4 55. h6 Ng5 56. a5 f3 57. Nc4 Re2 58. a6 Nh3 59. Nd2 Nf2+ 60. Kc4 Nxd1 61. a7 Ne3+ 62. Kc5 Rxd2 63. Bxd2 f2 64. a8Q Bd6+ 65. Kc6 f1Q 66. Qg8+ Ke7 67. Qg7+ Ke6 68. Qd7+ 1-0

[Event "Buenos Aires Najdorf qual"]
[Site "Buenos Aires"]
[Date "1992.??.??"]
[Round "10"]
[White "Del Castillo, Gustavo"]
[Black "Cid, Marino Alejandro"]
[Result "0-1"]
[WhiteElo "2315"]
[BlackElo "2425"]
[PlyCount "82"]
[EventDate "1992.??.??"]
[EventType "swiss"]
[EventRounds "11"]
[EventCountry "ARG"]
[SourceTitle "EXT 1997"]
[Source "ChessBase"]
[SourceDate "1996.11.15"]
[SourceVersion "1"]
[SourceVersionDate "1996.11.15"]
[SourceQuality "1"]

1. d4 Nf6 2. Nf3 g6 3. Bg5 Bg7 4. Nbd2 0-0 5. e3 d6 6. c3 Nbd7 7. Be2 Re8 8. b4 e5 9. Nb3 h6 10. Bxf6 Qxf6 11. 0-0 e4 12. Ne1 h5 13. Nd2 Nf8 14. f4 exf3 15. Nexf3 Rxe3 16. Bc4 Be6 17. Ne5 Qe7 18. Rxf7 Bxf7 19. Bxf7+ Kh7 20. Bxg6+ Nxg6 21. Qxh5+ Kg8 22. Nxg6 Re1+ 23. Rxe1 Qxe1+ 24. Nf1 Re8 25. Ne5 Rf8 26. Nf3 Qxc3 27. Qd5+ Rf7 28. h4 Qc6 29. Qe6 Qd7 30. Qd5 c6 31. Qh5 Qf5 32. Qxf5 Rxf5 33. Ne3 Rb5 34. Nc2 a5 35. a3 axb4 36. axb4 c5 37. dxc5 dxc5 38. Nd2 cxb4 39. Nb3 Rd5 40. Kf1 Rd3 41. Na5 b3 0-1